Computer Aided Program for the Design of Counterfort Retaining Wall (Record no. 551030)

000 -LEADER
fixed length control field 00361nam a22001337a 4500
082 ## - DEWEY DECIMAL CLASSIFICATION NUMBER
Classification number P-237
100 ## - MAIN ENTRY--PERSONAL NAME
Personal name Kamran Azam
9 (RLIN) 47963
245 ## - TITLE STATEMENT
Title Computer Aided Program for the Design of Counterfort Retaining Wall
260 ## - PUBLICATION, DISTRIBUTION, ETC.
Place of publication, distribution, etc. MCE Risalpur
Date of publication, distribution, etc. 20-05-2002
526 ## - STUDY PROGRAM INFORMATION NOTE
Program name 0
Interest level 0
Reading level 0
Title point value P_237
650 ## - SUBJECT ADDED ENTRY--TOPICAL TERM
Topical term or geographic name entry element Projec
9 (RLIN) 47964
700 ## - ADDED ENTRY--PERSONAL NAME
Personal name Muhammad Iqbal
9 (RLIN) 4316
942 ## - ADDED ENTRY ELEMENTS (KOHA)
Source of classification or shelving scheme
Koha item type Book
Holdings
Withdrawn status Lost status Source of classification or shelving scheme Damaged status Not for loan Permanent Location Current Location Date acquired Total Checkouts Full call number Barcode Date last seen Price effective from Koha item type Public note
          Military College of Engineering (MCE) Military College of Engineering (MCE) 12/01/2014   P-237 MCE-P-237 12/01/2014 12/01/2014 Book Project
© 2023 Central Library, National University of Sciences and Technology. All Rights Reserved.